000 01138nas a2200373 4500
001 BR0500981
003 BR-BrBNA
005 20231205105138.0
007 ta
008 230509b bl.|||p| |||| 00| 00por d
040 _aBR-BrBNA
_bpor
_cBiblioteca Nacional de Agricultura
041 _a(Pt)
072 _aQ54; Q52; L51
100 1 _aMendes, W.S.
100 1 _aSilva, I.J.
100 1 _aFontes, D.O.
100 1 _aRodriguez, N.M.
100 1 _aMarinho, P.C.
100 1 _aSilva, F.O.
100 1 _aArouca, C.L.C.
100 1 _aSilva, F.C.O.
245 1 _aComposição química e valor nutritivo da soja crua e submetido a diferentes processamentos térmicos para suínos em crescimento
650 _aSUÍNO
650 _aSOJA
650 _aDIGESTIBILIDADE
650 _aPROCESSAMENTO
650 _aGRÃO
650 _aVALOR NUTRITIVO
650 _aCOMPOSIÇÃO QUÍMICA
650 _aPERFORMANCE
773 0 _tArquivo Brasileiro de Medicina Veterinária e Zootecnia (Brazil)
_xISSN 0102-0935
_g(Apr 2004), v. 56(2) p. 207-213
_wBR0500981
909 _a202311
_bLúcia
_c55
_dLúcia Elande
942 _2AGRIS
_n0
_cANA
999 _c181466
_d181466